000 00469nam a2200169Ia 4500
003 OSt
005 20260310101000.0
008 211028s2011 xx 000 0 und d
040 _cAIMIT LIBRARY
041 _aeng
100 _aSudhindra; R, Kavitha.
_g81785
_93559
110 _aManibhushan Dsouza.
_93560
245 _aOut patient module for E-RMCWH /
260 _aManipal
_c2011
710 _aCouncil of Scientific & Industrial Research
_93561
942 _2ddc
_cPRO
999 _c217273
_d217273